| 000 | 00554nam a22001817a 4500 | ||
|---|---|---|---|
| 003 | NUST | ||
| 038 | _aMr. Zahoor | ||
| 082 | _a510.1 | ||
| 100 |
_aBatool, Khadeeja _917096 |
||
| 245 |
_aNumerical Investigation of Compressible Flows _cKhadeeja Batool |
||
| 260 |
_aIslamabad : _bSNS - NUST, _c2017. |
||
| 300 |
_a63 p. : ill. ; _c30cm. |
||
| 500 | _aHardcover. | ||
| 650 |
_aPhilosophy in Mathematics - MS Thesis _917097 |
||
| 700 |
_aMuhammad Asif Farooq _917098 |
||
| 856 | _uhttp://10.250.8.41:8080/xmlui/handle/123456789/4224 | ||
| 942 |
_2ddc _cTHE |
||
| 999 |
_c526131 _d526131 |
||